=LDR 00000nam 2200000 4500 =001 INLIS000000000003586 =005 20250319094628 =035 ##$$a 0010-0325000302 =007 ta =008 250319################g##########e#ind## =082 ##$$a 301.340 202 =084 ##$$a 301.340 202 BAD p =245 1#$$a Pedoman pengadaan negeri sipil di lingkungan BKKBN /$c BKKBN =260 ##$$a Jakarta :$b BKKBN,$c 1986 =300 ##$$a 46 halm : $b - ; $c 21 cm =650 #4$$a Keluarga Berencana =110 #$$a Badan Koordinasi Keluarga Berencana Nasional =520 ##$$a Berisikan penjelasan tentang pengadaan pegawai negeri sipil di lingkungan BKKBN =856 ##$$a Perpustakaan UPT Balai Diklat KKB Jember